Normal view
MARC view
- GULF WAR . STORY OF THE GULF WAR
Entry Topical Term
001 - CONTROL NUMBER
- control field: 64265
003 - CONTROL NUMBER IDENTIFIER
- control field: NUST
005 - DATE AND TIME OF LATEST TRANSACTION
- control field: 20210628203240.0
008 - FIXED-LENGTH DATA ELEMENTS
- fixed length control field: 210628|| aca||aabn | a|a d
040 ## - CATALOGING SOURCE
- Original cataloging agency: NUST
- Transcribing agency: NUST
150 ## - HEADING--TOPICAL TERM
- Topical term or geographic name entry element: GULF WAR . STORY OF THE GULF WAR
670 ## - SOURCE DATA FOUND
- Source citation: Work cat.: (NUST): Atkinson, Rick 64264, Crusade the untold story of the gulf war, 1995
